1148 1498 1057 1310 1678 1432 1135 1202 1249 1019 1344 1985 1621 1116 1796 1936 1998 1753 1722 1731 1683 1279 1955 1865 1101 1965 1888 1467 1164 1624 1043 1905 1994 1095 1720 1114 1990 1220 1875 1147 1969 1421 1061 1365 1470 1186 1548 1554 1748 1256 1475 1870 1765 1407 1174 1615 1666 1999 1924 1953 1352 1908 1229 1442 1110 1443 1070 1048 1403 1474 1010 1721 1125 1403 1082 1443 1495 1335 1812 1702 1477 1507 1458 1382 1011 1438 1946 1698 1879 1120 1458 1396 1915 1678 1509 1648 1524 1533 1710 BCNSPRNW ULIB Ver.6.0+V

เปลี่ยนเป็นภาษาไทย

Change to English
 แสดงรายละเอียดบรรณานุกรม
  กลับหน้าหลัก

Brief Record : Get Marc (ISO 2709) : E-mail record : QR code < ปิดหน้าต่าง
LEADER : 00000nam 2200000uu 4500
001    13399112333
003     ULIB
008    110627s||||||||th 000 0 tha d
020    9786160603619
090    นว.^bล711K มปป.
100 0  ลูกชุบ
245 00 Katrina obsession...รักติดชนวนร้าย/^cลูกชุบ
260    กรุงเทพฯ :^bแจ่มใส,^cมปป.
300    319 หน้า
710 1  แจ่มใส
945    ^p219^l0^i030395
995    ทศพร
999 ^a ใช้งานได้ทุกระบบ
รายการนี้ยังไม่มีแท็ก
คุณยังไม่ได้ล็อกอิน คุณสามารถมีกิจกรรมร่วมกับเว็บไซต์ได้ แต่ต้องล็อกอินก่อน ::
  ล็อกอิน

รายการสื่อสารสนเทศ

ลำดับที่ ประเภท เลขเรียก/บาร์โค้ด สถานที่ สถานะ
- ไม่พบข้อมูล -

รายการใกล้เคียง
    ผู้แต่ง [ลูกชุบ]

BibComment


ยังไม่เคยถูกคอมเมนท์

คอมเมนท์ทรัพยากรรายการนี้
  คอมเมนท์: Katrina obsession..


 Copyright 2026. Bcnsprnw @Library